00556nam a2200169 a 450000100100000000500170001000800410002702000150006804000250008308200210010810000190012924500690014826000290021730000280024650400730027470000390034700004265220201002040312.0140204s1983 sp a 000 0 spa d a8485226240 aDO-SdBNPbspacBNPHU axxxxxxxbxxxxxxx1 aMadoz, Pascual10aBarcelona. /cPascual Madoz ; prólogo Jaume Sobreques Callico. aMadrid, :bAbaco,c1983. a216 p. :bil. ;c28 cm. aIncluye referencias bibliográficas y notas al pie de las páginas1 aSobreques Callico, Jaume,epról.